000 00639nam a2200205 i 4500
001 149541
003 ES-MaACL
005 20240502063046.0
007 t|
008 071023s1978 sp ||||1| spa d
020 _a84-7235-394-X
100 0 _aVázquez Montalbán, Manuel,
_d1939-
_9113463
245 1 4 _aLos demonios familiares de Franco /
_cManuel Vázquez Montalbán.
250 _a1ª ed.
260 _aBarcelona :
_bDopesa,
_c1978.
300 _a243 p., 2 h., 16 h. con lám. ;
_c20 cm.
600 1 4 _aFranco Bahamonde, Francisco,
_d1892-1975
_952240
852 _aES-MaACL
_jA-9126
_bR.98480
999 _c149541
_d149541